00393nam a2200145Ia 4500008004100000020001800041041000800059082001600067100001800083245007600101260002800177300000800205365001600213700001800229230718s9999 xx 000 0 und d a9780241198780 aeng a658.11bMCG aMcGinnis P.J. a10% EntrepreneurbLive Your Startup Dream Without Quitting Your Day Job c2016bPortfolio/Penguin a226 cRs.b699.00 aMcGinnis P.J.